<?xml version="1.0" encoding="UTF-8"?><?xml-stylesheet type="text/xsl" href="static/style.xsl"?><OAI-PMH xmlns="http://www.openarchives.org/OAI/2.0/" xmlns:xsi="http://www.w3.org/2001/XMLSchema-instance" xsi:schemaLocation="http://www.openarchives.org/OAI/2.0/ http://www.openarchives.org/OAI/2.0/OAI-PMH.xsd"><responseDate>2026-04-14T02:51:58Z</responseDate><request verb="GetRecord" identifier="oai:www.recercat.cat:2072/172642" metadataPrefix="marc">https://recercat.cat/oai/request</request><GetRecord><record><header><identifier>oai:recercat.cat:2072/172642</identifier><datestamp>2026-01-15T12:32:38Z</datestamp><setSpec>com_2072_95354</setSpec><setSpec>com_2072_5211</setSpec><setSpec>col_2072_95357</setSpec></header><metadata><record xmlns="http://www.loc.gov/MARC21/slim" xmlns:dcterms="http://purl.org/dc/terms/" xmlns:xsi="http://www.w3.org/2001/XMLSchema-instance" xmlns:doc="http://www.lyncode.com/xoai" xsi:schemaLocation="http://www.loc.gov/MARC21/slim http://www.loc.gov/standards/marcxml/schema/MARC21slim.xsd">
   <leader>00925njm 22002777a 4500</leader>
   <datafield ind2=" " ind1=" " tag="042">
      <subfield code="a">dc</subfield>
   </datafield>
   <datafield ind2=" " ind1=" " tag="720">
      <subfield code="a">Institut Català Internacional per la Pau</subfield>
      <subfield code="e">author</subfield>
   </datafield>
   <datafield ind2=" " ind1=" " tag="260">
      <subfield code="c">2011-11-17T10:26:07Z</subfield>
   </datafield>
   <datafield ind2=" " ind1=" " tag="520">
      <subfield code="a">Relatoria del seminario internacional “Polarización y conflictos en América Latina. Retos para la transformación de conflictos y la seguridad humana”, celebrado en Barcelona en mayo de 2011 y organizado por el Instituto Catalán Internacional para la Paz (ICIP). El seminario tuvo como objeto profundizar en el análisis de las causas de la polarización política y social en América Latina al ser éstas causas frecuentes de inestabilidad, obstáculos al desarrollo y dificultades para el asentamiento de la paz y el sistema democrático. Además el seminario fue el inicio de una línea de investigación y de elaboración de propuestas para el estudio de la polarización y la nueva conflictividad en América Latina.</subfield>
   </datafield>
   <datafield ind1="8" ind2=" " tag="024">
      <subfield code="a">2013-9969 (edició en línea)</subfield>
   </datafield>
   <datafield ind1="8" ind2=" " tag="024">
      <subfield code="a">2013-7044 (edició en paper)</subfield>
   </datafield>
   <datafield ind1="8" ind2=" " tag="024">
      <subfield code="a">http://hdl.handle.net/2072/172642</subfield>
   </datafield>
   <datafield ind2="0" ind1="0" tag="245">
      <subfield code="a">Polarització i conflictes a l'Amèrica Llatina. Relatoria del seminari. Barcelona, 5 i 6 de maig de 2011</subfield>
   </datafield>
</record></metadata></record></GetRecord></OAI-PMH>